000 00470nam a2200181Ia 4500
999 _c1571
_d1571
003 OSt
005 20200924135423.0
008 190216s9999||||xx |||||||||||||| ||und||
040 _coclc
082 _a576
_bMEY/G
100 _aMeyyan, R P
_94923
245 0 _aGenetics /
_cR P Meyyan
250 _a1st Ed.
260 _bSaras Publications,
_aNagercoil:
_c1984.
300 _a389p
650 _aBotany
942 _cBK
_2ddc
_h576
_iMEY/G
_k576
_mMEY/G